Wireless networking complete (Record no. 3283)

MARC details
000 -LEADER
fixed length control field 00686nam a22002297a 4500
003 - CONTROL NUMBER IDENTIFIER
control field OSt
005 - DATE AND TIME OF LATEST TRANSACTION
control field 20220107122721.0
008 - FIXED-LENGTH DATA ELEMENTS--GENERAL INFORMATION
fixed length control field 130822b xxu||||| |||| 00| 0 eng d
020 ## - INTERNATIONAL STANDARD BOOK NUMBER
International Standard Book Number 9780123750778
040 ## - CATALOGING SOURCE
Transcribing agency IIITM-K
082 00 - DEWEY DECIMAL CLASSIFICATION NUMBER
Classification number 621.384 ZHE/W
245 00 - TITLE STATEMENT
Title Wireless networking complete
Statement of responsibility, etc. Pei Zheng ... [et al.].
260 ## - PUBLICATION, DISTRIBUTION, ETC.
Place of publication, distribution, etc. Burlington,
Name of publisher, distributor, etc. Elsevier,
Date of publication, distribution, etc. 2010.
300 ## - PHYSICAL DESCRIPTION
Extent xx, 445p.
490 1# - SERIES STATEMENT
Series statement The Morgan Kaufmann series in networking
650 #0 - SUBJECT ADDED ENTRY--TOPICAL TERM
Topical term or geographic name entry element COMPUTER SCIENCE
9 (RLIN) 2068
650 #0 - SUBJECT ADDED ENTRY--TOPICAL TERM
Topical term or geographic name entry element WIRELESS COMMUNICATION NETWORKS
9 (RLIN) 2069
650 #0 - SUBJECT ADDED ENTRY--TOPICAL TERM
Topical term or geographic name entry element COMPUTER NETWORKS
9 (RLIN) 2070
700 1# - ADDED ENTRY--PERSONAL NAME
Personal name Zheng, Pei,
9 (RLIN) 2071
830 #0 - SERIES ADDED ENTRY--UNIFORM TITLE
Uniform title Morgan Kaufmann series in networking.
9 (RLIN) 2072
942 ## - ADDED ENTRY ELEMENTS (KOHA)
Source of classification or shelving scheme Dewey Decimal Classification
Koha item type Books
Holdings
Withdrawn status Lost status Source of classification or shelving scheme Damaged status Not for loan Collection code Home library Current library Shelving location Date acquired Cost, normal purchase price Total Checkouts Full call number Barcode Date last seen Price effective from Koha item type
    Dewey Decimal Classification     Cognitive Communications/RFID Kerala University of Digital Sciences, Innovation and Technology Knowledge Centre Kerala University of Digital Sciences, Innovation and Technology Knowledge Centre Applied Electronics 22/08/2013 3754.00   621.384 ZHE/W 2945 03/12/2020 22/08/2013 Books